PLEADINGS AND PRACTICE IN ANDHRA PRADESH (Record no. 9656)

MARC details
000 -LEADER
fixed length control field 00292nam a22001337a 4500
003 - CONTROL NUMBER IDENTIFIER
control field SGT
082 ## - DEWEY DECIMAL CLASSIFICATION NUMBER
Classification number 340.095484,RAO
100 ## - MAIN ENTRY--PERSONAL NAME
Personal name RAO,KVR
245 ## - TITLE STATEMENT
Title PLEADINGS AND PRACTICE IN ANDHRA PRADESH
260 ## - PUBLICATION, DISTRIBUTION, ETC. (IMPRINT)
Place of publication, distribution, etc HYDRABAD
Name of publisher, distributor, etc ALD PUBLISHERS
Year of Publication 2001
300 ## - PAGE DESCRIPTION
No. of Pages 703
650 ## - SUBJECT ADDED ENTRY--TOPICAL TERM
Topical term or geographic name as entry element LAW
942 ## - ADDED ENTRY ELEMENTS (KOHA)
Source of classification or shelving scheme Dewey Decimal Classification
Koha item type Books
Holdings
Withdrawn status Lost status Source of classification or shelving scheme Damaged status Not for loan Collection code Home library Current library Shelving location Date acquired Vendor Name SGTU Full call number Accession No. (Barcode) Date last seen Bill Date Koha item type
    Dewey Decimal Classification   Not For Loan LAW SGT Science & Social Sciences Library SGT Science & Social Sciences Library Reference Book 26/07/2016 GIFT BY DR. DILIP SINGH SGTU 340.095484,RAO FL250 26/07/2016 26/07/2016 Books